1798 1673 1435 1581 1074 1745 1733 1093 1653 1057 1147 1008 1778 1957 1288 1778 1544 1334 1676 1479 1343 1439 1367 1293 1356 1270 1641 1603 1778 1069 1261 1152 1297 1785 1402 1724 1487 1820 1696 1875 1464 1557 1422 1524 1720 1266 1440 1787 1906 1711 1834 1052 1598 1175 1986 1346 1193 1555 1062 1817 1672 1763 1502 1849 1119 1715 1994 1274 1639 1886 1498 1074 1134 1308 1710 1979 1208 1493 1290 1117 1902 1363 1600 1487 1086 1864 1604 1277 1569 1936 1711 1659 1656 1629 1495 1356 1580 1291 1357 BCNSPRNW ULIB Ver.6.0+V

เปลี่ยนเป็นภาษาไทย

Change to English
 แสดงรายละเอียดบรรณานุกรม
  กลับหน้าหลัก

Brief Record : Get Marc (ISO 2709) : E-mail record : QR code < ปิดหน้าต่าง
LEADER : 00000nam 2200000uu 4500
001    13399124836
003     ULIB
008    160403s2558||||th 000 0 tha d
020    ^a9789990095654 (v.1)
020    ^a9789990095678 (v.2)
060 04 ^aWO100^bต367 ล.2
245 00 ^aตำราศัลยศาสตร์ Vol.2 : Textbook of surgery /^cสุทธิพร จิตต์มิตรภาพ,พัฒน์พงศ์ นาวีเจริญ, บรรณาธิการ
246 31 ^aTextbook of surgery
250    ^aพิมพ์ครั้งที่ 13
260    ^aกรุงเทพฯ :^bศูนย์หนังสือจุฬาลงกรณ์มหาวิทยาลัย,^c2558
300    ^a2 เล่ม. :^bภาพประกอบ. ;^c26 ซม.
505 0  ^aHistory and Development of Surgery ... An Approach to Surgery ... Evidence Based Surgery ... Surgery and patient safety ... Responses to Injury ... Fluid, Electrolytes and Acid-Base ... Shock ... Wound Healing and Wound care ... Nutrition in The Surgery patients ... Hemostasis, Surgical Bleeding and Tranfution ... Cardiopulmonary Resuscitation ... Surgical Infection ... Tranplantation ... Anesthsia ... Preoperative and Postoperative Care ... Multiple Organ Dysfunction Syndrome ... Surgical Oncology ... Minimally Invasive Surgery ... Trauma: General Principles ... Burn ... Bites and Stings ... Spinal Injury ... Injury of the neck ... Facial Injuries ... Chest Injury ... Abdominal Injury ... Urology Injury ... Vascular Injury ... General Principle of injury to bones and joints ... Head Injury ... Hand Injury ... Acute Abdomen ... Acute GL Bleeding ... Lower Gastrointestinal Hemorrhage
650  7 ^aศัลยศาสตร์
650  7 ^aศัลยศาสตร์^xตำราเรียน
700 0  ^aสุทธิพร จิตต์มิตรภาพ,^eบรรณาธิการ
700 0  ^aพัฒน์พงศ์ นาวีเจริญ,^eบรรณาธิการ
710 2  ^aจุฬาลงกรณ์มหาวิทยาลัย. ^bคณะแพทยศาสตร์. ^bภาควิชาศัลยศาสตร์
945    ^p470^l0^i000473
945    ^p470^l0^i000474
945    ^p470^l0^i000475
945    ^p470^l0^i000476
945    ^p470^l0^i000477
945    ^p470^l0^i000478
945    ^p470^l0^i000479
999    ^aเกษร โพธิ์สุวรรณ
รายการนี้ยังไม่มีแท็ก
คุณยังไม่ได้ล็อกอิน คุณสามารถมีกิจกรรมร่วมกับเว็บไซต์ได้ แต่ต้องล็อกอินก่อน ::
  ล็อกอิน

รายการสื่อสารสนเทศ

ลำดับที่ ประเภท เลขเรียก/บาร์โค้ด สถานที่ สถานะ
1. วิทยาศาสตร์การแพทย์ และสุขภาพ
วิทยาศาสตร์การแพทย์ และสุขภาพ
สถานะ=หนังสือเก่า
WO100 ต367 ล.2 ฉ.1 
  Barcode: 000473
ห้องสมุดวิทยาเขตสวรรค์ประชารักษ์
►ส่วนจัดเก็บหนังสือเก่า สปร
บนชั้น
  ขอยืม
2. วิทยาศาสตร์การแพทย์ และสุขภาพ
วิทยาศาสตร์การแพทย์ และสุขภาพ
สถานะ=หนังสือเก่า
WO100 ต367 ล.2 ฉ.2 
  Barcode: 000474
ห้องสมุดวิทยาเขตสวรรค์ประชารักษ์
►ส่วนจัดเก็บหนังสือเก่า สปร
บนชั้น
  ขอยืม
3. วิทยาศาสตร์การแพทย์ และสุขภาพ
วิทยาศาสตร์การแพทย์ และสุขภาพ
สถานะ=หนังสือเก่า
WO100 ต367 ล.2 ฉ.3 
  Barcode: 000475
ห้องสมุดวิทยาเขตสวรรค์ประชารักษ์
►ส่วนจัดเก็บหนังสือเก่า สปร
บนชั้น
  ขอยืม
4. วิทยาศาสตร์การแพทย์ และสุขภาพ
วิทยาศาสตร์การแพทย์ และสุขภาพ
สถานะ=หนังสือเก่า
WO100 ต367 ล.2 ฉ.4 
  Barcode: 000476
ห้องสมุดวิทยาเขตสวรรค์ประชารักษ์
►ส่วนจัดเก็บหนังสือเก่า สปร
บนชั้น
  ขอยืม
5. วิทยาศาสตร์การแพทย์ และสุขภาพ
วิทยาศาสตร์การแพทย์ และสุขภาพ
สถานะ=หนังสือเก่า
WO100 ต367 ล.2 ฉ.5 
  Barcode: 000477
ห้องสมุดวิทยาเขตสวรรค์ประชารักษ์
►ส่วนจัดเก็บหนังสือเก่า สปร
บนชั้น
  ขอยืม
6. วิทยาศาสตร์การแพทย์ และสุขภาพ
วิทยาศาสตร์การแพทย์ และสุขภาพ
สถานะ=หนังสือเก่า
WO100 ต367 ล.2 ฉ.6 
  Barcode: 000478
ห้องสมุดวิทยาเขตสวรรค์ประชารักษ์
►ส่วนจัดเก็บหนังสือเก่า สปร
บนชั้น
  ขอยืม
7. วิทยาศาสตร์การแพทย์ และสุขภาพ
วิทยาศาสตร์การแพทย์ และสุขภาพ
สถานะ=หนังสือเก่า
WO100 ต367 ล.2 ฉ.7 
  Barcode: 000479
ห้องสมุดวิทยาเขตสวรรค์ประชารักษ์
►ส่วนจัดเก็บหนังสือเก่า สปร
บนชั้น
  ขอยืม

รายการใกล้เคียง
    หัวเรื่อง [ศัลยศาสตร์]

BibComment


ยังไม่เคยถูกคอมเมนท์

คอมเมนท์ทรัพยากรรายการนี้
  คอมเมนท์: ตำราศัลยศาสตร์ V..


 Copyright 2026. Bcnsprnw @Library